header

One world (Record no. 246664)

MARC details
000 -LEADER
fixed length control field 01332nam a2200337 a 4500
082 04 - DEWEY DECIMAL CLASSIFICATION NUMBER
Classification number 303.48/2
100 1# - MAIN ENTRY--AUTHOR NAME
Personal name Singer, Peter,
245 10 - TITLE STATEMENT
Title One world
260 ## - PUBLICATION, DISTRIBUTION, ETC. (IMPRINT)
Place of publication New Haven :
Name of publisher Yale University Press,
Year of publication 2002.
300 ## - PHYSICAL DESCRIPTION
Number of Pages xiii, 235 p. :
Other physical details ill.
490 1# - SERIES STATEMENT
Series statement The Terry lectures
650 #0 - SUBJECT ADDED ENTRY--TOPICAL TERM
Topical Term Globalization
Topical Term Climatic changes
Topical Term Foreign trade regulation
856 40 - ELECTRONIC LOCATION AND ACCESS
Uniform Resource Identifier http://site.ebrary.com/lib/rucke/Doc?id=10170025

No items available.

© 2026 Rongo University
Contact us: librarian | system librarian | Rongo university